Sistemas de información y gestión para la administración local / Manuel de Forn i Foxa
ISBN:
84-7088-469-7
Publicado:
Madrid :
Instituto Nacional de Administración Pública : Ministerio para las Administraciones Públicas ,
1988
Descripción Física:
400 p. ; 21 cm
Colección:
Manuales
MARC
| LEADER | 00000nam a2200000Ia 4500 | ||
|---|---|---|---|
| 001 | 18345 | ||
| 008 | 160829s1988 xx 000 0 cat d | ||
| 020 | |a 84-7088-469-7 | ||
| 080 | |a M-5-293 | ||
| 100 | |a Forn i Foxà, Manuel de |9 32331 | ||
| 245 | |a Sistemas de información y gestión para la administración local / Manuel de Forn i Foxa | ||
| 260 | |a Madrid : |b Instituto Nacional de Administración Pública : |b Ministerio para las Administraciones Públicas, |c 1988 | ||
| 300 | |a 400 p. ; |c 21 cm | ||
| 490 | |a Manuales | ||
| 590 | |a Bibliografia | ||
| 650 | 0 | |a Administració local |z Espanya |9 37433 | |
| 650 | |a Gestió de la informació |x Espanya |9 23313 | ||
| 710 | |a Instituto Nacional de Administración Pública (Espanya) |9 17952 | ||
| 901 | |a Arxiu | ||
| 942 | |n 1 | ||
| 952 | |0 0 |1 0 |4 0 |6 M5293 |7 1 |9 42661 |a Arxiu |b Arxiu |d 2016-12-01 |l 0 |o M-5-293 |p 18345 |r 2016-12-01 00:00:00 |w 2016-12-01 |y ARXIU | ||
| 999 | |c 45167 |d 45167 | ||